Loading...
| Fine Arts - Auditory Fine Arts | 6 | 6.67 | 67% | 0% | 0% |
| Fine Arts - Visual Fine Arts | 4 | 2.50 | 25% | 0% | 0% |
| Geography | 4 | 10.00 | 75% | 25% | 0% |
| History - American History | 1 | 10.00 | 100% | 0% | 0% |
| History - Ancient History | 3 | 10.00 | 100% | 0% | 0% |
| History - European History | 4 | 17.50 | 100% | 75% | 0% |
| History - World History | 1 | 20.00 | 100% | 100% | 0% |
| Literature - American Literature | 2 | 15.00 | 100% | 50% | 0% |
| Literature - British Literature | 5 | 10.00 | 100% | 0% | 0% |
| Literature - European Literature | 2 | 15.00 | 100% | 50% | 0% |
| Literature - World Literature | 4 | 10.00 | 100% | 0% | 0% |
| Mythology | 3 | 6.67 | 33% | 33% | 0% |
| Philosophy | 4 | 7.50 | 50% | 25% | 0% |
| Religion | 2 | 5.00 | 50% | 0% | 0% |
| Science - Biology | 3 | 13.33 | 100% | 33% | 0% |
| Science - Chemistry | 3 | 10.00 | 100% | 0% | 0% |
| Science - Other Science | 4 | 10.00 | 100% | 0% | 0% |
| Social Science | 5 | 12.00 | 100% | 20% | 0% |